000 01313nam a2200265Ia 4500
999 _c56001
_d56001
001 23100
003 GE_BSU
005 20230712160916.0
008 181216s1959||||ge |||||||||||||| ||geo||
040 _cGE_BSU
041 _ageo
080 _a821.161.1-31 ტ-67
100 _aტოლსტოი, ლევ.
_919275
245 _aანა კარენინა :
_bრომანი 8 ნაწილად. ტ. 2. ნაწ. 5-8 /
_cლევ ტოლსტოი ; თარგმანი ლარისა ტიტვინიძისა და თამარ საყვარელიძის ; რედ. ნ. აგიაშვილი.
264 _aთბილისი :
_bსაბჭ. საქართველო,
_c1959.
300 _a584 გვ. ;
_c17 სმ.
500 _aგაშლილი ყდა ინგლისურ ენაზე
541 _h1ლ. 80თ.
653 _aანა კარენინა
653 _aრომანი
700 _aტიტვინიძე, ლარისა
_eმთარგმნელი
_91382
700 _aსაყვარელიძე, თამარ
_eმთარგმნელი
_919277
700 _aაგიაშვილი, ნ.
_eრედაქტორი
_919278
942 _cBK
_2udc